000 00583nam a2200229Ia 4500
008 100315s9999 xx 000 0 und d
040 _cENGLISH 
082 _b10955 
_a382.6 
100 _aNabhi
245 _aHow to Import
260 _aNew Delhi 
_bNabhi  
_c2002 
300 _a112 
365 _eRupees 
_d
_b0.00 
366 _f
505 _gVaibhav Gaikwad 
530 _bDonated By RBI Library  
620 _a"How to Import, Import, RBI Book "
630 _aHow to Import
650 _aImport 
730 _aHow to Import
942 _cBOOK
999 _c485689
_d485686